Responses for Show #8396 - Monday, May 10, 2021

Champion's winnings & consolation amounts matched to Media Fellowship House.

Contestants

[<< previous game]

John Marsh, a pastor from Edgewater, Florida

Alyse Stokes, a freelance content specialist from Silver Spring, Maryland

Juliet Mayer, a graduate student originally from The Plains, Virginia (whose 1-day cash winnings total $23,800)

[next game >>]

Jeopardy! Round responses

HISTORIC HAPPENINGS
I'LL FIGHT YOU!
TIME
THE 2021 WORLD ALMANAC
THE PLANE TRUTH
FROM C TO D
(Bill: Those are the first and last letters of each response.)
    $200 1
the Mayflower

John
    $200 6
Muhammad Ali

John
    $200 17
(Alyse: What is turn back the clocks?)
...
(Bill: What is [*], daylight savings.)

set your clock ahead

Alyse
Triple Stumper
    $200 20
September 11th

Alyse
    $200 11
wings

Juliet
    $200 16
carbonated

Juliet
    $400 2
(John: What is an oil field?)
[John's response was accepted as correct and the decision was reversed when the Daily Double was uncovered.]

oil wells

John
Triple Stumper
    $400 7
Mike Tyson

Triple Stumper
    $400 12
a calendar

Alyse
    $400 18
Neil Diamond

John
    $400 23
landing gear

Juliet
    $400 25
a coward

Juliet
    $600 3
the KGB

Juliet
    $600 8
Ronda Rousey

John
    $600 13
Central & Mountain

Alyse
    $600 19
Kamala Harris

Alyse
    $600 28
the Concorde

Juliet
    $600 24
Missile Command

John
    $1,000 4
excommunicated

Juliet
    $800 9
Hands of Stone

John
    $800 14
grandfather

Juliet
    $800 21
Rudolph Valentino

Alyse
    $800 29
propeller

Alyse
    $800 26
committed

Juliet
    $1000 5
tyrant

John
    $1000 10
Klitschko

Triple Stumper
    $1000 15
Seiko

John
    $1000 22
Salmon Chase

John
    $1000 30
the Spitfire

Triple Stumper
    $1000 27
crisphead

Alyse

Scores at the first commercial break (after clue 15):

Juliet Alyse John
$2,600 $1,000 $3,400

Scores at the end of the Jeopardy! Round:

Juliet Alyse John
$5,000 $4,200 $5,400

Double Jeopardy! Round responses

I'VE BEEN TO THE MOUNTAINTOP
MUSIC"!"
THEY UN-BLINDED ME WITH SCIENCE
SHORT STORIES
JACQUES
LATIN OVERLAPPIN'
(Bill: An example of a response would be, "Filet mignon sequitur".)
    $400 1
a saddle

Juliet
    $400 2
P!nk

Alyse
    $400 8
Stephen King

Juliet
    $400 17
the Tour de France

Juliet
    $400 23
Miami Vice versa

Triple Stumper
    $800 3
the Andes

Juliet
    $800 7
"Help!"

Alyse
    $800 13
a placenta

Juliet
    $800 9
Chekhov

Juliet
    $800 19
Cousteau

Alyse
    $800 24
(Juliet: Is it [*]?)
(Bill: We're going to accept that because you said, "Is", but remember your phrasing in the form of a question. Less than a minute.)

cogito, ergo Sumatra

Juliet
    $1200 16
the Tetons

Triple Stumper
    $3,000 4
"Whoomp!"

Juliet
    $1200 14
cataract

John
    $4,000 10
Asimov

Juliet
    $1200 20
the can-can

Juliet
    $1200 25
Crimea culpa

Juliet
    $1600 27
a cairn

Juliet
    $1600 5
"Hey Ya!"

Alyse
    $1600 15
a cornea

Alyse
    $1600 11
James Baldwin

Alyse
    $1600 21
(Jacques) Chirac

Alyse
    $1600 26
pro bonobo

Alyse
    $2000 28
Banff

Juliet
    $2000 6
Panic! At The Disco

Juliet
    $2000 18
the cortex

Alyse
    $2000 12
(Alyse: Who is O'Connor?)

Welty

JulietAlyse
    $2000 22
Jacques-Louis David

Juliet
    $2000 29
[The end-of-round signal sounds.]

Amadeus ex machina

Juliet

Scores at the end of the Double Jeopardy! Round:

Juliet Alyse John
$30,400 $14,200 $6,600
(lock game)

[wagering suggestions for these scores]

Final Jeopardy! Round responses

U.S. HISTORY
(Bill: [To John] The day after electors met to choose the first president and vice president.)
JohnWho are George Washington & John Adams?
$6,500
AlyseWho are Jefferson & Adams?
$1,000
JulietWho are Washington + Jefferson?
$1,000
George Washington & John Adams

Final scores:

Juliet Alyse John
$29,400 $13,200 $13,100
2-day champion: $53,200 2nd place: $2,000 3rd place: $1,000

Game dynamics:

Coryat scores:

Juliet Alyse John
$25,600 $14,200 $6,600
26 R
(including 3 DDs),
0 W
16 R,
2 W
10 R,
1 W

Combined Coryat: $46,400

[game clues] [game scores] [suggest correction]

Game tape date: 2021-03-03
The J! Archive is created by fans, for fans. Scraping, republication, monetization, and malicious use prohibited; this site may use cookies and collect identifying information. See terms. The Jeopardy! game show and all elements thereof, including but not limited to copyright and trademark thereto, are the property of Jeopardy Productions, Inc. and are protected under law. This website is not affiliated with, sponsored by, or operated by Jeopardy Productions, Inc. Join the discussion at JBoard.tv.